Leasing - moderní forma hospodářských vztahů

Vymedzenie pojmu leasing. Jeho základné odlišnosti od blízkych hospodárskych kategórií - úveru a nájmu. Charakteristika operačného leasingu (krátkodobého prenájmu) a finančného leasingu (dlhodobého prenájmu). Náčrt niektorých základných pohnútok využívania leasingu. Úvahy nad možným využívaním leasi...

ver descrição completa

Na minha lista:
Detalhes bibliográficos
Autor principal: Feixová, D.
Formato: Capítulo de Livro
Idioma:tcheco
Assuntos:
Tags: Adicionar Tag
Sem tags, seja o primeiro a adicionar uma tag!

MARC

LEADER 00000naa a2200000 4500
001 r004096
005 20221125080629.7
041 0 |a cze 
044 |a CS 
245 1 0 |a Leasing - moderní forma hospodářských vztahů  |c D. Feixová 
520 |a Vymedzenie pojmu leasing. Jeho základné odlišnosti od blízkych hospodárskych kategórií - úveru a nájmu. Charakteristika operačného leasingu (krátkodobého prenájmu) a finančného leasingu (dlhodobého prenájmu). Náčrt niektorých základných pohnútok využívania leasingu. Úvahy nad možným využívaním leasingu v Česko-Slovensku. 
610 2 0 |a lízing 
610 2 0 |a lízing finančný 
610 2 0 |a lízing operatívny 
610 2 0 |a úver 
610 2 0 |a prenájom 
610 2 0 |a ČSFR 
100 1 |a Feixová, D.